Les franchises de jeux vidéo les plus lucratives (2025) - Statistiques

Statistiques générales
  • Ce quiz a été pris 45 fois
  • Le résultat moyen est 15 sur 60
Statistiques - réponses
Bénéfice total (en dollars) Franchise de jeux vidéo % Correct
12 milliards Grand Theft Auto
90%
20 milliards Fortnite
83%
55 milliards Super Mario
83%
30 milliards Call of Duty
81%
12,5 milliards FIFA
76%
2,8 milliards Minecraft
67%
150 milliards Pokémon
67%
13,4 milliards League of Legends
57%
3,8 milliards The Legend of Zelda
57%
4,6 milliards Assassin's Creed
50%
2,7 milliards Battlefield
45%
21 milliards Final Fantasy
45%
16 milliards Sonic
40%
5 milliards Halo
38%
6,8 milliards Donkey Kong
36%
14,7 milliards PUBG
33%
6,1 milliards Pro Evolution Soccer
26%
3 milliards The Elder Scrolls
26%
17 milliards Wii Series
26%
3,4 milliards Super Smash Bros
24%
3,1 milliards Tomb Raider
24%
3 milliards Clash Royale
21%
12,4 milliards Street Fighter
21%
20 milliards Candy Crush
19%
8,4 milliards Clash of Clans
19%
2 milliards Far Cry
19%
4,8 milliards Gran Turismo
19%
2,5 milliards Metal Gear
19%
2,6 milliards Overwatch
19%
9,7 milliards Resident Evil
19%
2 milliards Lego
17%
15,5 milliards Pac-Man
17%
10 milliards Dragon Ball
14%
19 milliards Dragon Quest
14%
2 milliards Just Dance
14%
6 milliards Star Wars
14%
9,3 milliards Angry Birds
12%
5,9 milliards Digimon
12%
3,8 milliards Monster Hunter
12%
3,2 milliards Mortal Kombat
12%
4 milliards Need for Speed
12%
4,9 milliards One Piece
12%
5 milliards The Sims
12%
13,1 milliards Warcraft
12%
2 milliards Guitar Hero
7%
2 milliards Watch Dogs
7%
10,5 milliards Monster Strike
5%
13,9 milliards Space Invaders
5%
13 milliards CrossFire
2%
24 milliards Dungeon Fighter Online
2%
6,3 milliards Fate
2%
19 milliards Fist of the North Star
2%
18 milliards Honor of Kings
2%
14,9 milliards Linage
2%
5,2 milliards Madden NFL
2%
1,8 milliards Onimusha
2%
8,6 milliards Puzzle & Dragons
2%
3,5 milliards Skylanders
2%
4 milliards Virtua Fighter
2%
8,3 milliards Westward Journey
2%
Aucun quiz correspondant
Distribution des résultats
% des personnes avec chaque résultat
Percentile par nombre de réponses
Votre historique - résultats
Vous n’avez pas pris ce quiz